00000000nam##2200000za#4500
0019.697427
003CaOODSP
00520210624235457
007cr |||||||||||
008150407|1981||||xxc|||||o    f|0| 0 eng|d
040 |aCaOODSP|beng
043 |an-cn---
0861 |aA73-1549/1981E-PDF
1101 |aCanada.|bAgriculture Canada. |bFood Advisory Division.
24510|aEasy on the budget main dishes and desserts |h[electronic resource]
250 |aRevised 1981
260 |aOttawa - Ontario : |bAgriculture Canada. |cPrinted 1978, c1981.
300 |a24p.|bindex
500 |aHistorical publication digitized by Agriculture and Agri-Food Canada.
590 |a13-17-Supp|b2013-07-25
69007|aCooking|2gcpds
69007|aHome economics|2gcpds
69007|aNutrition|2gcpds
77508|tRecettes frugales |w(CaOODSP)9.642258
85640|ahttp://publications.gc.ca|qPDF|s1.39 MB|uhttps://publications.gc.ca/collections/collection_2013/aac-aafc/agrhist/A73-1549-1981-eng.pdf
986 |a1549